Текст томруулах:    
The workplace (Бичлэгийн дугаар. 145725)
000 -УДИРДЛАГА
Удирдлага 01561nam a22004697a 4500
003 - ХЯНАЛТЫН ТОО ТОДОРХОЙЛОГЧ
Код MN-UlNUM
005 - БИЧИЛТ ХИЙСЭН ОГНОО
Тухайн бичилтийг бичсэн засварласан сүүлийн огноо 20251124161416.0
008 - ЕРӨНХИЙ МЭДЭЭЛЭЛ
Ерөнхий мэдээлэл 251106s2006 maua 001 0 eng c
020 ## - ISBN
ISBN 0078298318
-- 9780078298318
040 ## - БИЧЛЭГ ҮҮСГЭГЧ БАЙГУУЛЛАГА
Бичлэг үүсгэгч номын сангийн код МУИС-ийн номын сан
084 00 - ББК АНГИЛАЛ
Нэмэлт тусгалт Нэг сэдэвт бүтээл
ББК ангилал 65.290-2
Зохиогчийн гурван тэмдэгт P 11
Мэдлэгийн ялгаа 65 - Эдийн засаг
100 1# - ЗОХИОГЧ
Зохиогчийн нэр Pace, Joe $q (Joseph)
245 14 - ҮНДСЭН ГАРЧИГ
Номын нэр The workplace
Бага гарчгийн мэдээ Chart your career
Оролцогчдын тухай мэдээ Joe Pace
260 ## - ГАРАЛТЫН МЭДЭЭ
Хэвлэгдсэн газар Boston, Mass.
Хэвлэлийн газар McGraw-Hill Irwin
Хэвлэгдсэн он 2006
300 ## - МАТЕРИАЛЫН ТОДОРХОЙЛОЛТ
хуудасны тоо 1 v. (various pagings) :
Бусад тоон мэдээлэл ill.
Хэмжээ 28 cm
490 1# - БОТЬ / ЦУВРАЛЫН ТУХАЙ МЭДЭЭ
Боть / цувралын зохиогч Professional development series
Боть / цувралын дугаар bk. 4
500 ## - Тайлбар
Дансны дугаар БС 5901
546 ## - ХЭЛНИЙ ТУХАЙ МЭДЭЭ
Хэл Англи хэл дээр,
653 ## - Түлхүүр үг
Түлхүүр үг career development
653 ## - Түлхүүр үг
Түлхүүр үг success
740 ## - НОМЫН ГАРЧИГ
Гарчиг Get Started
740 ## - НОМЫН ГАРЧИГ
Гарчиг Researching Jobs and Careers
740 ## - НОМЫН ГАРЧИГ
Гарчиг Writing a Resume
740 ## - НОМЫН ГАРЧИГ
Гарчиг Promoting Yourself
740 ## - НОМЫН ГАРЧИГ
Гарчиг Networking
740 ## - НОМЫН ГАРЧИГ
Гарчиг Interviewing with Confidence
740 ## - НОМЫН ГАРЧИГ
Гарчиг At Work: Turning a Job into a Career
740 ## - НОМЫН ГАРЧИГ
Гарчиг Setting Benchmarks
740 ## - НОМЫН ГАРЧИГ
Гарчиг Recognizing and Seizing Opportunities
740 ## - НОМЫН ГАРЧИГ
Гарчиг Broadening Knowledge and Skills
740 ## - НОМЫН ГАРЧИГ
Гарчиг Staying on the Right Track
740 ## - НОМЫН ГАРЧИГ
Гарчиг Moving Up: Achieving Greater Influence and Respect
740 ## - НОМЫН ГАРЧИГ
Гарчиг Maintain Your Career
740 ## - НОМЫН ГАРЧИГ
Гарчиг Creating a Professional Reputation
740 ## - НОМЫН ГАРЧИГ
Гарчиг Building and Maintaining a Network
740 ## - НОМЫН ГАРЧИГ
Гарчиг Professional Pride: Taking and Giving Credit and Recognition
740 ## - НОМЫН ГАРЧИГ
Гарчиг Using Your Experience
740 ## - НОМЫН ГАРЧИГ
Гарчиг Working to Live vs. Living to Work: Planning for the Long Run
942 ## - ЭЛЕМЕНТИЙН ТӨРӨЛ
Зүйлийн төрөл Ном